Êtes vous rapide ? 1-50 en 20 secondes - Statistiques

Statistiques générales
  • Ce quiz a été pris 945 fois
  • Le résultat moyen est 32 sur 50
Statistiques - réponses
Chiffre à recopier : Réponses % Correct
1 1
100%
2 2
99%
3 3
98%
4 4
98%
5 5
98%
6 6
98%
7 7
98%
8 8
97%
9 9
97%
10 10
93%
11 11
92%
12 12
89%
13 13
89%
14 14
89%
15 15
88%
16 16
87%
17 17
87%
18 18
86%
19 19
84%
21 21
81%
20 20
79%
23 23
76%
22 22
75%
24 24
72%
25 25
71%
26 26
71%
27 27
69%
28 28
67%
29 29
64%
30 30
57%
31 31
57%
32 32
55%
34 34
49%
33 33
48%
35 35
46%
36 36
44%
37 37
42%
38 38
39%
39 39
37%
41 41
32%
40 40
31%
42 42
27%
43 43
26%
44 44
19%
45 45
18%
46 46
16%
47 47
12%
48 48
11%
49 49
10%
50 50
8%
Aucun quiz correspondant
Distribution des résultats
% des personnes avec chaque résultat
Percentile par nombre de réponses
Votre historique - résultats
Vous n’avez pas pris ce quiz